El estado solidario en Chile: un análisis político constitucional

Salvato in:
Dettagli Bibliografici
Autore principale: Nehme Gajardo, Karim (autor)
Natura: Libro
Lingua:spagnolo
Pubblicazione: Sarrebruck Académica Española 2015
Edizione:1a. ed
Soggetti:
Tags: Aggiungi Tag
Nessun Tag, puoi essere il primo ad aggiungerne!!

MARC

LEADER 00000cam a2200000 a 4500
001 UCD0532
003 CL-VaPUC
008 151204e20150000gw |||||||||||||||||spa|d
020 |a 9783659100628 
082 0 4 |a 330.983  |b NEH  |2 21 
100 |a Nehme Gajardo, Karim  |e autor  |9 852572 
245 1 3 |a El estado solidario en Chile: un análisis político constitucional 
250 |a 1a. ed 
300 |a 113 p 
942 |c BK 
945 |d 20151204 12:43:00  |a dcastane 
260 |a Sarrebruck  |b Académica Española  |c 2015 
650 0 |a Condiciones sociales   |9 257278 
650 0 |a Mercado laboral   |9 375911 
650 0 |a Empleo  |9 339124 
650 0 |a Mujeres  |9 257649 
583 |a last modification  |c 20151204 12:43:00  |k Rodrigo Vera 
999 |c 362033  |d 362031 
952 |0 0  |1 0  |3 erb  |4 0  |6 330_983000000000000_NEH_2015  |7 0  |8 A  |9 472885  |a BIBDER  |b BIBDER  |i 5255090  |o 330.983 NEH 2015  |p 5255090  |r 2023-01-25  |w 2019-11-24  |y BK  |z Catalogado en:20151204  |k DER